Normally hyperbolic invariant manifolds in dynamical systems

Αποθηκεύτηκε σε:
Λεπτομέρειες βιβλιογραφικής εγγραφής
Κύριος συγγραφέας: Wiggins, Stephen
Μορφή: Βιβλίο
Γλώσσα:English
Δημοσίευση: New York ; Berlin : Springer-Verlag, c1994
Σειρά:Applied mathematical sciences (Springer-Verlag New York Inc.) ; 105
Θέματα:
Ετικέτες: Προσθήκη ετικέτας
Δεν υπάρχουν, Καταχωρήστε ετικέτα πρώτοι!

MARC

LEADER 00000nam a2200000 i 4500
001 1/76494
008 990726s1994 eng d
020 |a 3-540-94205-X 
035 |l 10049618 
040 |a GR-MY-UA  |b gre  |e aacr 
041 0 |a eng 
082 0 |a 515.352 
100 1 |a Wiggins, Stephen. 
245 1 0 |a Normally hyperbolic invariant manifolds in dynamical systems /  |c Stephen Wiggins 
260 |a New York ; Berlin :   |b Springer-Verlag,   |c c1994 
300 |a ix, 193 p.;  |b ill.;  |c 24 cm. 
490 1 |a Applied mathematical sciences (Springer-Verlag New York Inc.)  |v ; 105 
500 |a Includes bibliographical references and index 
650 0 0 |a Differentiable dynamical systems. 
650 0 0 |a Hyperbolic spaces. 
650 0 0 |a Invariants. 
830 0 |a Applied mathematical sciences (Springer-Verlag New York Inc.)  |v ; 105 
852 |a INST  |b SAMOS  |e 19990726  |h 515.352 WIG  |p 005300014733  |q 005300014733  |t BK  |y 0 
901 |a BIBL3-1999-2 
909 |a Σ  |b 064542 
922 |a 3ΕΛΗ  |b 199903  |c ΚΠΣ  |d GLORY 
970 |a ΓΕΝΟΥΖΟΥ  |b ΧΡΥΣΑΝΘΗ  |z 1999/07/26